| 000 | 01334cad a22002295a 4500 | ||
|---|---|---|---|
| 001 | L141673 | ||
| 008 | 071211e20071207xxk f f000 0 eng d | ||
| 035 | _a(Sirsi) u141673 | ||
| 041 | 0 | _aeng | |
| 050 | 0 | 4 | _a711.3 $2 18 |
| 110 | 1 |
_aUnited Kingdom _bDepartment for Communities and Local Government _94939 |
|
| 245 | 0 | 4 |
_aThe validation of planning applications _bguidance for local planning authorities _h[electronic resource] |
| 260 |
_aLondon _bDCLG _c2007 |
||
| 520 | _aDetails new procedures for the validation of planning applications by local authorities. Provides guidance on the scope of material to be supplied with applications. Explains how local lists help planning authorities in achieving good performance. They enable both applicants and authorities greater certainty over the information which needs to be provided in order to validate an application. | ||
| 521 | 1 | _aAdvanced | |
| 590 | _aKA | ||
| 650 | 2 | 4 | _aTOWN AND COUNTRY PLANNING (GENERAL PERMITTED DEVELOPMENT) ORDER 1995 |
| 651 | 4 |
_aUnited Kingdom _y |
|
| 690 | _aENVIRONMENTAL AND LAND CONSULTANCY-PLANNING AND DEVELOPMENT-DEVELOPMENT CONTROL-PLANNING APPLICATIONS | ||
| 856 | 4 | 0 |
_uhttps://www.communities.gov.uk/documents/planningandbuilding/pdf/validationplanningapplicatio.pdf _zView the guidance free of charge at www.communities.gov.uk |
| 942 | _n0 | ||
| 999 |
_c107732 _d107732 |
||